00663 2200241 4500001002100000005001700021008004100038020002200079035002500101040001200126082001600138084001800154100001600172245005800188260002800246300003000274504003000304650002100334850001200355990001800367990001800385990001800403INLIS00000000000542520150825100222.0  a978-602-258-039-3 a0010-051500000000558 aYOPDYOG 223a370.114 a370.114 Eko P aEKO Handoyo aPendidikan antikorupsib: Edisi revisic/ Eko Handoyo aYogyakartabOmbakc2013 axviii, 252 hlm.c; 21 cm. aBibliografi: hlm. 244-250 aPendidikan Moral aYOPDYOG a12666-PD/B.15 a12667-PD/B.15 a12668-PD/B.15